NUDGE IMPROVING DECISIONS ABOUT HEALTH W (Record no. 31429)

MARC details
000 -LEADER
fixed length control field 00343nam a2200133Ia 4500
008 - FIXED-LENGTH DATA ELEMENTS--GENERAL INFORMATION
fixed length control field 240624s9999 xx 000 0 und d
041 ## - LANGUAGE CODE
Language code of text/sound track or separate title eng
082 ## - DEWEY DECIMAL CLASSIFICATION NUMBER
Classification number 828 THA
100 ## - MAIN ENTRY--PERSONAL NAME
Personal name THALER RICHARD H
245 ## - TITLE STATEMENT
Title NUDGE IMPROVING DECISIONS ABOUT HEALTH W
260 ## - PUBLICATION, DISTRIBUTION, ETC.
Date of publication, distribution, etc. 2009
Place of publication, distribution, etc. New Delhi
Name of publisher, distributor, etc. Penguin
300 ## - PHYSICAL DESCRIPTION
Extent x, , 305 , 19 : p. : cm.
365 ## - TRADE PRICE
Currency code RS
Holdings
Withdrawn status Lost status Damaged status Not for loan Home library Current library Shelving location Date acquired Cost, normal purchase price Full call number Barcode Date last seen Price effective from Koha item type
        IMTN IMTN Rack 43-A 02/14/2019 434.00 828 THA 31429 06/24/2024 06/24/2024 Books
Designed & Maintained by: LRC IMT Nagpur Contact: lrc@imtnag.ac.in© 2024. All Rights Reserved.